Castlevania Beastiary (Enemies) - Statistics

General Stats
  • This quiz has been taken 22 times
  • The average score is 5 of 15
Answer Stats
Level
Appearances
Enemy % Correct
3, 5, 6 (White) Skeleton
80%
2, 3, 5 Medusa Head
73%
1 Zombie
73%
2 & 3 Ghost
53%
3 Raven
40%
5 (Red) Blood Skeleton
40%
5 Axe-Man
33%
4 & 6 Eagle
33%
1 & 4 Fish Man
33%
3, 4, 5, 6 Hunchback
27%
1 & 4 Vampire Bat
27%
1 Black Leopard
20%
2, 3, 5 Dragon Skull Cannon
7%
4 Skele-Dragon
7%
2 Black Knight
0%
No matching quizzes found
Score Distribution
Percent of People with Each Score
Percentile by Number Answered
Your Score History
You have not taken this quiz